000
00279nam a22001217a 4500
008
180917b xxu||||| |||| 00| 0 eng d
041
_a
eng
080
_2
8 ED
_a
618
100
_a
10
101
_a
GJI
245
_a
Langman s Medical Embryology
_c
Sadler.T.W
942
_2
udc
_c
BK
999
_c
47864
_d
47864